| 000 | 00669nam a2200253Ia 4500 | ||
|---|---|---|---|
| 003 | OSt | ||
| 005 | 20220918184721.0 | ||
| 006 | a|||||r|||| 00| 0 | ||
| 007 | ta | ||
| 008 | 220917b |||||||| |||| 00| 0 eng d | ||
| 024 | _a47,675 | ||
| 037 | _cTextual | ||
| 040 |
_aARTS _cARTS _beng |
||
| 041 |
_2eng _aeng |
||
| 082 | _aP, L7 (TTP)-;1-;4 | ||
| 100 |
_aBynon Theodora _966427 |
||
| 245 | 0 | _aHistorical linguistics | |
| 260 |
_aCambridge _bCUP _c1977 |
||
| 300 |
_ax,301p. _ccm. |
||
| 490 | _aCambridge text in linguistics | ||
| 650 | _aLINGUISTICS | ||
| 942 |
_hP, L7 (TTP)-;1-;4 _cTEXL _2CC |
||
| 999 |
_c177507 _d177507 |
||